| 000 | 00429nam a22001697a 4500 | ||
|---|---|---|---|
| 003 | NUST - PNEC | ||
| 005 | 20170116180828.0 | ||
| 008 | 150728b xxu||||| |||| 00| 0 eng d | ||
| 020 | _a435511750 | ||
| 040 | _cLIBRARY | ||
| 082 | _a510 CLA | ||
| 100 |
_94479 _aClarke, L. Harwood |
||
| 245 |
_aPure mathematics at advanced level _cL. Harwood Clarke |
||
| 260 | _cc.1969 | ||
| 650 |
_94480 _aMathematics _xME |
||
| 942 |
_2ddc _cBK |
||
| 999 |
_c63947 _d63947 |
||